[Event "Heldur Valgmäe I Rapid Memorial"]
[Site "Viljandi, Estonia"]
[Date "2021.07.03"]
[Round "9.4"]
[White "Seeman, Tarvo"]
[Black "Tolmacevs, Artjoms"]
[Result "1/2-1/2"]
[WhiteElo "2426"]
[BlackElo "1808"]

1. Nf3 {[%clk 00:15:02]} {[%emt 00:00:01]} c5 {[%clk 00:15:02]} {[%emt
00:00:03]} 2. g3 {[%clk 00:14:47]} {[%emt 00:00:17]} d6 {[%clk 00:14:59]}
{[%emt 00:00:04]} 3. Bg2 {[%clk 00:14:41]} {[%emt 00:00:09]} Nc6 {[%clk
00:14:54]} {[%emt 00:00:06]} 4. O-O {[%clk 00:14:34]} {[%emt 00:00:08]} e5
{[%clk 00:14:51]} {[%emt 00:00:05]} 5. c4 {[%clk 00:14:00]} {[%emt 00:00:37]}
Be7 {[%clk 00:14:48]} {[%emt 00:00:04]} 6. Nc3 {[%clk 00:14:00]} {[%emt
00:00:03]} f5 {[%clk 00:14:49]} 7. d3 {[%clk 00:13:23]} {[%emt 00:00:39]} Nf6
{[%clk 00:14:47]} {[%emt 00:00:03]} 8. Rb1 {[%clk 00:13:23]} {[%emt 00:00:02]}
O-O {[%clk 00:14:44]} {[%emt 00:00:04]} 9. a3 {[%clk 00:13:23]} {[%emt
00:00:02]} a5 {[%clk 00:14:45]} {[%emt 00:00:01]} 10. Bg5 {[%clk 00:13:12]}
{[%emt 00:00:13]} h6 {[%clk 00:14:43]} {[%emt 00:00:04]} 11. Bxf6 {[%clk
00:13:12]} {[%emt 00:00:02]} Bxf6 {[%clk 00:14:43]} {[%emt 00:00:02]} 12. e3
{[%clk 00:12:52]} {[%emt 00:00:23]} Be6 {[%clk 00:14:36]} {[%emt 00:00:09]} 13.
Nd2 {[%clk 00:12:32]} {[%emt 00:00:22]} Kh8 {[%clk 00:13:49]} {[%emt 00:00:46]}
14. Qa4 {[%clk 00:12:11]} {[%emt 00:00:27]} Bd7 {[%clk 00:13:27]} {[%emt
00:00:23]} 15. Qc2 {[%clk 00:11:47]} {[%emt 00:00:25]} g5 {[%clk 00:12:55]}
{[%emt 00:00:34]} 16. Nd5 {[%clk 00:11:42]} {[%emt 00:00:07]} Rb8 {[%clk
00:12:34]} {[%emt 00:00:24]} 17. b4 {[%clk 00:11:35]} {[%emt 00:00:09]} axb4
{[%clk 00:12:32]} {[%emt 00:00:03]} 18. axb4 {[%clk 00:11:36]} {[%emt
00:00:02]} cxb4 {[%clk 00:12:20]} {[%emt 00:00:15]} 19. Nxb4 {[%clk 00:11:36]}
{[%emt 00:00:02]} Nxb4 {[%clk 00:12:21]} {[%emt 00:00:01]} 20. Rxb4 {[%clk
00:11:36]} {[%emt 00:00:02]} Bc6 {[%clk 00:12:21]} {[%emt 00:00:01]} 21. Rfb1
{[%clk 00:11:01]} {[%emt 00:00:36]} Bxg2 {[%clk 00:12:11]} {[%emt 00:00:12]} 22.
Kxg2 {[%clk 00:11:02]} {[%emt 00:00:01]} Qc7 {[%clk 00:12:12]} {[%emt
00:00:02]} 23. e4 {[%clk 00:10:47]} {[%emt 00:00:16]} Be7 {[%clk 00:11:54]}
{[%emt 00:00:20]} 24. Rb5 {[%clk 00:10:37]} {[%emt 00:00:12]} Rf7 {[%clk
00:11:25]} {[%emt 00:00:31]} 25. exf5 {[%clk 00:10:20]} {[%emt 00:00:21]} Rxf5
{[%clk 00:11:22]} {[%emt 00:00:05]} 26. Ne4 {[%clk 00:10:18]} {[%emt 00:00:02]}
Bf8 {[%clk 00:10:32]} {[%emt 00:00:53]} 27. Qe2 {[%clk 00:08:35]} {[%emt
00:01:45]} Qc6 {[%clk 00:10:14]} {[%emt 00:00:19]} 28. Qg4 {[%clk 00:07:37]}
{[%emt 00:00:59]} Rf7 {[%clk 00:10:02]} {[%emt 00:00:15]} 29. Qe6 {[%clk
00:07:13]} {[%emt 00:00:27]} Qd7 {[%clk 00:09:32]} {[%emt 00:00:31]} 30. Qg6
{[%clk 00:05:36]} {[%emt 00:01:39]} Rg7 {[%clk 00:07:48]} {[%emt 00:01:46]} 31.
Qf6 {[%clk 00:04:45]} {[%emt 00:00:52]} Be7 {[%clk 00:07:46]} {[%emt 00:00:06]}
32. Qxh6+ {[%clk 00:04:37]} {[%emt 00:00:09]} Rh7 {[%clk 00:07:47]} 33. Qg6
{[%clk 00:04:38]} {[%emt 00:00:02]} Qh3+ {[%clk 00:07:39]} {[%emt 00:00:10]} 34.
Kg1 {[%clk 00:04:39]} Rg8 {[%clk 00:06:36]} {[%emt 00:01:06]} 35. Qxh7+ {[%clk
00:04:38]} {[%emt 00:00:03]} Kxh7 {[%clk 00:06:03]} {[%emt 00:00:35]} 36. Rxb7
{[%clk 00:04:36]} {[%emt 00:00:04]} Qe6 {[%clk 00:06:03]} 37. R1b6 {[%clk
00:04:01]} {[%emt 00:00:37]} Kg6 {[%clk 00:05:34]} {[%emt 00:00:32]} 38. c5
{[%clk 00:03:42]} {[%emt 00:00:21]} Rd8 {[%clk 00:03:43]} {[%emt 00:01:53]} 39.
Rc7 {[%clk 00:02:58]} {[%emt 00:00:46]} Kf5 {[%clk 00:01:58]} {[%emt 00:01:47]}
40. cxd6 {[%clk 00:02:30]} {[%emt 00:00:30]} Bxd6 {[%clk 00:01:08]} {[%emt
00:00:53]} 41. Rcc6 {[%clk 00:02:22]} {[%emt 00:00:10]} Kg4 {[%clk 00:00:39]}
{[%emt 00:00:31]} 42. Rxd6 {[%clk 00:01:27]} {[%emt 00:00:57]} Rxd6 {[%clk
00:00:30]} {[%emt 00:00:12]} 43. Rxd6 {[%clk 00:01:27]} {[%emt 00:00:01]} Qb3
{[%clk 00:00:20]} {[%emt 00:00:12]} 44. Kg2 {[%clk 00:01:22]} {[%emt 00:00:07]}
Kh5 {[%clk 00:00:04]} {[%emt 00:00:18]} 45. h3 {[%clk 00:01:04]} {[%emt
00:00:19]} g4 {[%clk 00:00:03]} {[%emt 00:00:03]} 46. hxg4+ {[%clk 00:00:33]}
{[%emt 00:00:34]} Kxg4 {[%clk 00:00:04]} {[%emt 00:00:01]} 47. Rd8 {[%clk
00:00:29]} {[%emt 00:00:06]} Kf5 {[%clk 00:00:05]} 48. Rd6 {[%clk 00:00:28]}
{[%emt 00:00:03]} Kg4 {[%clk 00:00:06]} {[%emt 00:00:01]} 49. Nf6+ {[%clk
00:00:25]} {[%emt 00:00:06]} Kg5 {[%clk 00:00:06]} 50. Kf3 {[%clk 00:00:22]}
{[%emt 00:00:05]} Qd1+ {[%clk 00:00:07]} {[%emt 00:00:01]} 51. Kg2 {[%clk
00:00:21]} {[%emt 00:00:03]} Qb3 {[%clk 00:00:08]} 52. Ne4+ {[%clk 00:00:20]}
{[%emt 00:00:03]} Kh5 {[%clk 00:00:09]} {[%emt 00:00:02]} 53. Rd8 {[%clk
00:00:11]} {[%emt 00:00:11]} Kg6 {[%clk 00:00:08]} {[%emt 00:00:02]} 54. Rd6+
{[%clk 00:00:08]} {[%emt 00:00:04]} Kh5 {[%clk 00:00:09]} {[%emt 00:00:02]} 55.
Kh3 {[%clk 00:00:08]} {[%emt 00:00:02]} Qd1 {[%clk 00:00:09]} {[%emt 00:00:02]}
56. Kg2 {[%clk 00:00:07]} {[%emt 00:00:03]} Qb3 {[%clk 00:00:09]} {[%emt
00:00:02]} 57. Rd7 {[%clk 00:00:06]} {[%emt 00:00:03]} Kg6 {[%clk 00:00:10]} 58.
g4 {[%clk 00:00:06]} {[%emt 00:00:02]} Kh6 {[%clk 00:00:09]} {[%emt 00:00:03]}
59. Kg3 {[%clk 00:00:06]} {[%emt 00:00:02]} Qb4 {[%clk 00:00:08]} {[%emt
00:00:03]} 60. Rd6+ {[%clk 00:00:07]} {[%emt 00:00:02]} Kg7 {[%clk 00:00:08]}
{[%emt 00:00:01]} 61. g5 {[%clk 00:00:08]} Qb8 {[%clk 00:00:08]} {[%emt
00:00:03]} 62. g6 {[%clk 00:00:08]} {[%emt 00:00:02]} Qc8 {[%clk 00:00:08]}
{[%emt 00:00:01]} 63. Kf3 {[%clk 00:00:08]} {[%emt 00:00:02]} Qh3+ {[%clk
00:00:08]} {[%emt 00:00:02]} 64. Ke2 {[%clk 00:00:10]} Qh5+ {[%clk 00:00:08]}
{[%emt 00:00:01]} 65. Kd2 {[%clk 00:00:10]} {[%emt 00:00:02]} Qh6+ {[%clk
00:00:09]} {[%emt 00:00:01]} 66. Kc2 {[%clk 00:00:11]} {[%emt 00:00:01]} Qf4
{[%clk 00:00:08]} {[%emt 00:00:02]} 67. Kb3 {[%clk 00:00:11]} {[%emt 00:00:03]}
Qc1 {[%clk 00:00:08]} {[%emt 00:00:02]} 68. Kb4 {[%clk 00:00:12]} {[%emt
00:00:02]} Qc7 {[%clk 00:00:07]} {[%emt 00:00:02]} 69. Kb5 {[%clk 00:00:13]}
{[%emt 00:00:01]} Qc1 {[%clk 00:00:07]} {[%emt 00:00:03]} 70. Kb6 {[%clk
00:00:14]} {[%emt 00:00:01]} Qc2 {[%clk 00:00:07]} {[%emt 00:00:01]} 71. Kb7
{[%clk 00:00:13]} {[%emt 00:00:02]} Qc1 {[%clk 00:00:05]} {[%emt 00:00:03]} 72.
Rc6 {[%clk 00:00:11]} {[%emt 00:00:05]} Qb1+ {[%clk 00:00:06]} {[%emt
00:00:02]} 73. Kc7 {[%clk 00:00:10]} Qxd3 {[%clk 00:00:06]} {[%emt 00:00:04]}
74. Nc5 {[%clk 00:00:11]} {[%emt 00:00:01]} Qf3 {[%clk 00:00:06]} {[%emt
00:00:02]} 75. Ne6 {[%clk 00:00:10]} {[%emt 00:00:04]} Kg8 {[%clk 00:00:06]}
{[%emt 00:00:02]} 76. Kd7 {[%clk 00:00:08]} {[%emt 00:00:03]} Qd3+ {[%clk
00:00:07]} 77. Ke7 {[%clk 00:00:09]} {[%emt 00:00:02]} Qa3+ {[%clk 00:00:07]}
{[%emt 00:00:01]} 78. Kf6 {[%clk 00:00:09]} {[%emt 00:00:02]} Qf3+ {[%clk
00:00:08]} 79. Kxe5 {[%clk 00:00:08]} {[%emt 00:00:02]} Qxc6 {[%clk 00:00:09]}
{[%emt 00:00:02]} 80. f4 {[%clk 00:00:10]} Qb5+ {[%clk 00:00:10]} {[%emt
00:00:01]} 81. Kf6 {[%clk 00:00:11]} Qb2+ {[%clk 00:00:11]} 82. Ke7 {[%clk
00:00:10]} {[%emt 00:00:03]} Qf2 {[%clk 00:00:11]} {[%emt 00:00:01]} 83. Kf6
{[%clk 00:00:10]} {[%emt 00:00:03]} Qh4+ {[%clk 00:00:11]} {[%emt 00:00:02]} 84.
Ke5 {[%clk 00:00:09]} {[%emt 00:00:02]} Qe7 {[%clk 00:00:11]} {[%emt 00:00:03]}
85. f5 {[%emt 00:00:04]} Qb4 {[%clk 00:00:09]} {[%emt 00:00:01]} 86. f6 {[%clk
00:00:11]} {[%emt 00:00:02]} Qc3+ {[%clk 00:00:10]} 87. Kf5 {[%clk 00:00:12]}
{[%emt 00:00:01]} Qf3+ {[%clk 00:00:11]} 88. Kg5 {[%clk 00:00:13]} Qg3+ {[%clk
00:00:12]} {[%emt 00:00:02]} 89. Kf5 {[%clk 00:00:14]} {[%emt 00:00:01]} Qh3+
{[%clk 00:00:13]} 90. Ke5 {[%clk 00:00:15]} {[%emt 00:00:02]} Qh5+ {[%emt
00:00:06]} 1/2-1/2

[Event "Heldur Valgmäe I Rapid Memorial"]
[Site "Viljandi, Estonia"]
[Date "2021.07.03"]
[Round "9.6"]
[White "Dubrovin, Robert"]
[Black "Kukk, Sander"]
[Result "1-0"]
[WhiteElo "2338"]
[BlackElo "2418"]

1. d4 {[%clk 00:15:04]} {[%emt 00:18:18]} g6 {[%clk 00:15:02]} {[%emt
00:00:02]} 2. c4 {[%clk 00:15:05]} {[%emt 00:00:01]} Bg7 {[%clk 00:15:03]} 3.
Nf3 {[%clk 00:15:06]} Nf6 {[%clk 00:15:03]} {[%emt 00:00:03]} 4. Nc3 {[%clk
00:15:07]} O-O {[%clk 00:15:03]} {[%emt 00:00:02]} 5. e4 {[%clk 00:15:07]} d6
{[%clk 00:15:00]} {[%emt 00:00:08]} 6. Be2 {[%clk 00:15:08]} {[%emt 00:00:01]}
e5 {[%clk 00:14:53]} {[%emt 00:00:09]} 7. d5 {[%clk 00:15:08]} {[%emt
00:00:01]} a5 {[%clk 00:14:35]} {[%emt 00:00:19]} 8. Bg5 {[%clk 00:15:06]}
{[%emt 00:00:04]} h6 {[%clk 00:14:33]} {[%emt 00:00:05]} 9. Bh4 {[%clk
00:15:07]} {[%emt 00:00:01]} Na6 {[%clk 00:14:14]} {[%emt 00:00:21]} 10. Nd2
{[%clk 00:15:02]} {[%emt 00:00:06]} Nc5 {[%clk 00:14:13]} {[%emt 00:00:04]} 11.
O-O {[%clk 00:15:00]} {[%emt 00:00:03]} g5 {[%clk 00:14:06]} {[%emt 00:00:09]}
12. Bg3 {[%clk 00:15:00]} {[%emt 00:00:02]} Nh7 {[%clk 00:14:06]} {[%emt
00:00:03]} 13. Bg4 {[%clk 00:13:48]} {[%emt 00:01:14]} Nd3 {[%clk 00:13:52]}
{[%emt 00:00:16]} 14. f3 {[%clk 00:12:43]} {[%emt 00:01:07]} Nf6 {[%clk
00:13:17]} {[%emt 00:00:37]} 15. Bxc8 {[%clk 00:12:26]} {[%emt 00:00:19]} Qxc8
{[%clk 00:13:17]} {[%emt 00:00:01]} 16. Qc2 {[%clk 00:12:15]} {[%emt 00:00:13]}
Nf4 {[%clk 00:13:17]} {[%emt 00:00:03]} 17. Bf2 {[%clk 00:12:03]} {[%emt
00:00:14]} g4 {[%clk 00:13:10]} {[%emt 00:00:09]} 18. g3 {[%clk 00:10:30]}
{[%emt 00:01:34]} Nh3+ {[%clk 00:11:14]} {[%emt 00:01:58]} 19. Kh1 {[%clk
00:09:08]} {[%emt 00:01:24]} h5 {[%clk 00:05:53]} {[%emt 00:05:23]} 20. Be3
{[%clk 00:07:28]} {[%emt 00:01:42]} Kh7 {[%clk 00:04:17]} {[%emt 00:01:39]} 21.
Rae1 {[%clk 00:06:22]} {[%emt 00:01:07]} Bh6 {[%clk 00:03:53]} {[%emt
00:00:27]} 22. Bxh6 {[%clk 00:06:11]} {[%emt 00:00:13]} Kxh6 {[%clk 00:03:54]}
23. fxg4 {[%clk 00:05:21]} {[%emt 00:00:52]} Nxg4 {[%clk 00:03:54]} {[%emt
00:00:02]} 24. Rf5 {[%clk 00:04:26]} {[%emt 00:00:57]} f6 {[%clk 00:03:14]}
{[%emt 00:00:41]} 25. Kg2 {[%clk 00:04:11]} {[%emt 00:00:17]} Ngf2 {[%clk
00:01:34]} {[%emt 00:01:42]} 26. Rf1 {[%clk 00:04:02]} {[%emt 00:00:12]} h4
{[%clk 00:01:24]} {[%emt 00:00:12]} 27. R1xf2 {[%clk 00:03:51]} {[%emt
00:00:13]} Nxf2 {[%clk 00:01:25]} {[%emt 00:00:02]} 28. Kxf2 {[%clk 00:03:41]}
{[%emt 00:00:11]} hxg3+ {[%clk 00:01:25]} {[%emt 00:00:01]} 29. hxg3 {[%clk
00:03:42]} {[%emt 00:00:01]} Kg7 {[%clk 00:01:23]} {[%emt 00:00:05]} 30. Nf3
{[%clk 00:03:13]} {[%emt 00:00:31]} Rh8 {[%clk 00:01:24]} {[%emt 00:00:01]} 31.
Nh4 {[%clk 00:03:06]} {[%emt 00:00:08]} Rh7 {[%clk 00:01:20]} {[%emt 00:00:06]}
32. Qe2 {[%clk 00:03:02]} {[%emt 00:00:06]} Kf7 {[%clk 00:01:02]} {[%emt
00:00:21]} 33. Qf3 {[%clk 00:02:43]} {[%emt 00:00:20]} Qh8 {[%clk 00:01:02]}
{[%emt 00:00:02]} 34. Nd1 {[%clk 00:02:16]} {[%emt 00:00:30]} Rg8 {[%clk
00:00:52]} {[%emt 00:00:12]} 35. Ne3 {[%clk 00:02:11]} {[%emt 00:00:07]} Rxh4
{[%clk 00:00:44]} {[%emt 00:00:10]} 36. gxh4 Qxh4+ {[%clk 00:00:45]} 37. Ke2
{[%clk 00:01:56]} {[%emt 00:00:15]} Rg1 {[%clk 00:00:18]} {[%emt 00:00:29]} 38.
Qh5+ {[%clk 00:01:47]} {[%emt 00:00:11]} Qxh5+ {[%clk 00:00:17]} {[%emt
00:00:04]} 39. Rxh5 {[%clk 00:01:49]} Rb1 {[%clk 00:00:15]} {[%emt 00:00:04]}
40. Nd1 {[%clk 00:01:44]} {[%emt 00:00:07]} Kg6 {[%clk 00:00:16]} {[%emt
00:00:01]} 41. Rh8 {[%clk 00:01:41]} {[%emt 00:00:05]} Rc1 {[%clk 00:00:17]}
{[%emt 00:00:02]} 42. Ne3 {[%clk 00:01:09]} {[%emt 00:00:33]} Rb1 {[%clk
00:00:18]} 43. b3 {[%clk 00:01:03]} {[%emt 00:00:09]} Rb2+ {[%clk 00:00:18]}
{[%emt 00:00:01]} 44. Kd3 {[%clk 00:01:02]} {[%emt 00:00:03]} Rxa2 {[%clk
00:00:16]} {[%emt 00:00:04]} 45. Rc8 {[%clk 00:00:57]} {[%emt 00:00:07]} Ra3
{[%clk 00:00:17]} {[%emt 00:00:02]} 46. Rxc7 {[%clk 00:00:40]} {[%emt
00:00:19]} Rxb3+ {[%clk 00:00:18]} {[%emt 00:00:01]} 47. Kd2 {[%clk 00:00:31]}
{[%emt 00:00:11]} a4 {[%clk 00:00:19]} {[%emt 00:00:02]} 48. Rc8 {[%clk
00:00:28]} {[%emt 00:00:05]} Rb2+ {[%clk 00:00:10]} {[%emt 00:00:11]} 49. Kc1
{[%clk 00:00:19]} {[%emt 00:00:08]} Re2 {[%clk 00:00:11]} {[%emt 00:00:04]} 50.
Nf5 {[%clk 00:00:16]} {[%emt 00:00:03]} Rxe4 {[%clk 00:00:11]} {[%emt
00:00:03]} 51. Nxd6 {[%clk 00:00:17]} {[%emt 00:00:02]} Re1+ {[%clk 00:00:05]}
{[%emt 00:00:07]} 52. Kd2 {[%clk 00:00:14]} {[%emt 00:00:04]} Rb1 {[%clk
00:00:03]} {[%emt 00:00:05]} 53. Nb5 {[%clk 00:00:11]} {[%emt 00:00:04]} f5
{[%emt 00:00:05]} 54. d6 Rb2+ {[%clk 00:00:04]} 55. Ke1 {[%emt 00:00:07]} 1-0